000 00441nmm a2200157Ia 4500
008 251105s9999||||xx |||||||||||||||||und||
020 _a9788468727400
041 _aspa
100 _aStephens, Susan
245 0 _aCiego deseo
264 _a[Madrid, España] :
_bHarlequin,
_c[Fecha de publicación no identificada]
300 _a0 páginas
650 _aRomance
856 _uhttps://public.digitaliapublishing.com/a/91937
942 _cCF
999 _c83967
_d83967